The Commentary Of Sri Madhva On Mandukya Upanishad (Record no. 363279)

MARC details
000 -LEADER
fixed length control field 003220000a22001330004500
005 - DATE AND TIME OF LATEST TRANSACTION
control field 20120302064849.0
040 ## - CATALOGING SOURCE
Original cataloging agency eng
100 ## - MAIN ENTRY--PERSONAL NAME
Personal name
--
Numeration
Titles and other words associated with a name
245 ## - TITLE STATEMENT
Title The Commentary Of Sri Madhva On Mandukya Upanishad
260 ## - PUBLICATION, DISTRIBUTION, ETC. (IMPRINT)
Place of publication, distribution, etc Mumbai: Vasantik Prakashan
300 ## - PHYSICAL DESCRIPTION
Extent 70 p.
650 ## - SUBJECT ADDED ENTRY--TOPICAL TERM
Topical term or geographic name as entry element Upanishad / Mandukya
942 ## - ADDED ENTRY ELEMENTS (KOHA)
Koha item type Book
Holdings
Withdrawn status Lost status Damaged status Not for loan Home library Current library Date acquired Total Checkouts Barcode Date last seen Price effective from
        Institute For Oriental Study, Thane Institute For Oriental Study, Thane 12/02/2009   IOS-E 24334 12/02/2009 12/02/2009